000 00702nam a22002297a 4500
003 IIN
005 20250722114352.0
008 250722s2025 |||ad||| |||| 001 0 eng d
020 _a9788197849725
_c725.00
040 _aIIN
082 _a610.73
_bMAU
100 _aMaurya, Archana
245 _aTextbook of Child Health Nursing-I
_bExclusively Prepared for B.Sc. Nursing (5th Semester)
_cArchana Maurya, Bibin Kurian and Darshana Kumari Wankhede
260 _aDelhi
_bAITBS Publishers
_c2025
300 _axxiii, 318 p.
_bill.
500 _aIncludes Index
650 _aChild Health
_vNursing
650 _aNursing
700 _aKurian, Bibin
700 _aWankhede, Darshana Kumari
942 _cBOOK
999 _c1862
_d1862